000 00459nam a2200169Ia 4500
003 GCL
008 140319s9999 xx 000 0 eng d
040 _aGCL /
_cGCL
082 0 4 _a332.63
_bT G
100 1 _aTHOMSETT, MECHAEL C.
245 1 0 _aGETTING STARTED IN OPTIONS, 2ND ED /
_cTHOMSETT, MECHAEL C.
260 _a[S.N] :
_bJOHN WILEY AND SONS. INC ،
_c1993
300 _a244 P P
650 0 4 _aSTACK OPTION
650 0 4 _aINVESTMENTS
942 _2ddc
_cBK
999 _c16828
_d16828